000 01095nam a22003017a 4500
001 BR8707090
003 BR-BrBNA
005 20230928092748.0
007 ta
008 230509b bl.||||| |||| 00| 0 por d
040 _aBR-BrBNA
_bpor
_cBiblioteca Nacional de Agricultura
041 _a(Por)
072 _aF60
090 _ F60 BR8707090
100 1 _aPessenda, L.C.R.
110 1 _aEscola Superior de Agricultura Luiz de Queiroz, Piracicaba, SP (Brasil)
_0Tese (Doutorado)
245 1 _aDeterminacao espectrofotometrica catalitica de molibdenio em digeridos vegetais com emprego de resina detroca ionica em sistema de injecao em fluxo
246 1 _aSpectrophotometric flow injection catalytic determination of molybdenum in plant digests using ion exchange resin
260 3 _aPiracicaba, SP (Brasil):
_c1987.
300 _a71 p.
500 _aSummaries (Eng, Por); Bibliography p. 64-71 (60 ref.); 9 illus.
650 _aESPECTROFOTOMETRIA
650 _aMOLIBDENIO
650 _aRESINA
650 _aANALISE QUIMICA
909 _a202309
_bLucia
_c55
_dLucia Elande
942 _cBK
999 _c41046
_d41046